[Event "31st Bulgarian Open Chmpionshi"]
[Site "Plovdiv, Bulgaria"]
[Date "2009.02.07"]
[Round "9.11"]
[White "Popovic, Milos T"]
[Black "Vasilev, Vasil Aleksandrov"]
[Result "1/2-1/2"]
[WhiteElo "2400"]
[BlackElo "2306"]
[PlyCount "42"]
[EventDate "2009.02.01"]

1. d4 Nf6 2. Bg5 e6 3. e4 h6 4. Bxf6 Qxf6 5. Nf3 d6 6. Nc3 a6 7. Qd2 Bd7 8.
O-O-O g5 9. e5 dxe5 10. dxe5 Qe7 11. Ne4 Bg7 12. Qc3 Nc6 13. a3 g4 14. Nf6+
Bxf6 15. exf6 Qf8 16. Nd4 h5 17. Nb3 O-O-O 18. Nc5 Nb8 19. Be2 Qh6+ 20. Kb1 Bc6
21. f3 Qg5 1/2-1/2

[Event "31st Bulgarian Open Chmpionshi"]
[Site "Plovdiv, Bulgaria"]
[Date "2009.02.07"]
[Round "9.12"]
[White "Badev, Kiril"]
[Black "Dimitrov, Pavel"]
[Result "0-1"]
[WhiteElo "2297"]
[BlackElo "2395"]
[PlyCount "40"]
[EventDate "2009.02.01"]

1. e4 e5 2. Nc3 Nf6 3. d4 exd4 4. Qxd4 Nc6 5. Qe3 Bb4 6. Bd2 O-O 7. O-O-O Re8
8. Qg3 Nxe4 9. Nxe4 Rxe4 10. c3 Bd6 11. f4 Qf6 12. Nh3 Ra4 13. Bd3 b5 14. Rhe1
Bb7 15. Bc2 Rxa2 16. Kb1 Nb4 17. Be4 Be5 18. cxb4 Rxb2+ 19. Kc1 Bxe4 20. Rxe4
Qa6 0-1

[Event "31st Bulgarian Open Chmpionshi"]
[Site "Plovdiv, Bulgaria"]
[Date "2009.02.07"]
[Round "9.14"]
[White "Pantev, Veselin"]
[Black "Todorov, Ognjan"]
[Result "1-0"]
[WhiteElo "2381"]
[BlackElo "2303"]
[PlyCount "105"]
[EventDate "2009.02.01"]

1. d4 d5 2. c4 dxc4 3. Nf3 Nf6 4. e3 Bg4 5. Bxc4 e6 6. h3 Bh5 7. Nc3 Nbd7 8. g4
Bg6 9. Nh4 c6 10. Nxg6 hxg6 11. Qf3 a5 12. g5 Nd5 13. h4 N7b6 14. Bd3 e5 15.
Nxd5 Nxd5 16. dxe5 Nb4 17. Bc4 Nd3+ 18. Ke2 Nxe5 19. Qe4 Qe7 20. Bb3 Nd7 21.
Qxe7+ Bxe7 22. f4 a4 23. Bc2 a3 24. bxa3 Bxa3 25. Bd2 Nc5 26. Bc3 Rh7 27. Rab1
b5 28. h5 Rxh5 29. Rxh5 gxh5 30. Bxg7 Ne6 31. Be5 Be7 32. Kf3 Rxa2 33. Bb3 Ra3
34. g6 Kf8 35. f5 Ng5+ 36. Kg2 f6 37. Bf4 Kg7 38. e4 Nxe4 39. Re1 Rxb3 40. Rxe4
Bc5 41. Re6 Rb2+ 42. Kf3 Rf2+ 43. Kg3 h4+ 44. Kg4 h3 45. Rxc6 h2 46. Rc7+ Kg8
47. Bxh2 Rxh2 48. Rxc5 Rb2 49. Rc8+ Kg7 50. Rc7+ Kg8 51. Rf7 b4 52. Rxf6 b3 53.
Rb6 1-0

[Event "31st Bulgarian Open Chmpionshi"]
[Site "Plovdiv, Bulgaria"]
[Date "2009.02.07"]
[Round "9.15"]
[White "Petrov, Marijan"]
[Black "Asparuhov, Parvan"]
[Result "1-0"]
[WhiteElo "2477"]
[BlackElo "2152"]
[PlyCount "97"]
[EventDate "2009.02.01"]

1. e4 e5 2. Nf3 Nc6 3. Nc3 Nf6 4. g3 d6 5. Bg2 Be7 6. O-O O-O 7. h3 Be6 8. d4
Bc4 9. Re1 Nd7 10. b3 exd4 11. Nxd4 Nxd4 12. Qxd4 Be6 13. Bb2 Bf6 14. Qd2 Nb6
15. f4 Re8 16. Rad1 Qc8 17. g4 h6 18. e5 Bh4 19. Rf1 dxe5 20. fxe5 Rd8 21. Qe2
Rxd1 22. Rxd1 h5 23. gxh5 Bxh3 24. Ne4 Qg4 25. Qxg4 Bxg4 26. Rd4 Bxh5 27. Nf6+
Bxf6 28. exf6 g6 29. Bxb7 Re8 30. Ba6 Bf3 31. Bd3 Bd5 32. a4 c5 33. Rg4 Be6 34.
Rg5 c4 35. bxc4 Nxc4 36. Bd4 a6 37. Kf2 Rd8 38. Bc3 Rd5 39. Rg1 Rh5 40. Re1 Nb6
41. Bxg6 Rh4 42. Be4 Nxa4 43. Bd4 Bc4 44. Kg3 Rh5 45. Bc6 Nc5 46. Re8+ Kh7 47.
Bxc5 Rxc5 48. Bd7 Kh6 49. Kf4 1-0

[Event "31st Bulgarian Open Chmpionshi"]
[Site "Plovdiv, Bulgaria"]
[Date "2009.02.07"]
[Round "9.16"]
[White "Dobrev, Nanko"]
[Black "Veleski, Robert"]
[Result "1/2-1/2"]
[WhiteElo "2409"]
[BlackElo "2269"]
[PlyCount "101"]
[EventDate "2009.02.01"]

1. e4 e5 2. Nf3 Nc6 3. d4 exd4 4. Nxd4 d6 5. c4 Nge7 6. b3 Nxd4 7. Qxd4 Nc6 8.
Qd2 Be7 9. Nc3 Bf6 10. Bd3 O-O 11. O-O Bd4 12. Bb2 f5 13. exf5 Bxf5 14. Rae1
Qh4 15. Be4 Be5 16. f4 Bd4+ 17. Kh1 Bxe4 18. Rxe4 Rae8 19. Rfe1 Rxe4 20. Rxe4
g5 21. Nd5 Bxb2 22. Qxb2 Ne5 23. g3 Qg4 24. Qe2 gxf4 25. gxf4 Qxe2 26. Rxe2 Nc6
27. Kg2 Nd4 28. Re4 c5 29. Kh3 a6 30. Kg4 b5 31. Nc7 bxc4 32. bxc4 Kf7 33. Re3
Rg8+ 34. Kh3 Kf6 35. Nd5+ Kf5 36. Re7 Rg1 37. Ra7 Ke4 38. Rxa6 Kd3 39. Rxd6
Kxc4 40. Ne3+ Kd3 41. Nf5 Ke4 42. Ng3+ Kxf4 43. Rd5 Ra1 44. Rxc5 Rxa2 45. Nh5+
Ke3 46. Kg3 Ne2+ 47. Kg4 Ra4+ 48. Kg5 h6+ 49. Kf5 Rh4 50. Re5+ Kd2 51. Kg6
1/2-1/2

[Event "31st Bulgarian Open Chmpionshi"]
[Site "Plovdiv, Bulgaria"]
[Date "2009.02.07"]
[Round "9.17"]
[White "Nikolaidis, Konstantinos"]
[Black "Kojovic, Dragan"]
[Result "0-1"]
[WhiteElo "2264"]
[BlackElo "2403"]
[PlyCount "114"]
[EventDate "2009.02.01"]

1. d4 Nf6 2. Nf3 g6 3. c4 Bg7 4. Nc3 d5 5. Bg5 Ne4 6. Bh4 Nxc3 7. bxc3 dxc4 8.
Qa4+ Nd7 9. e3 O-O 10. Qa3 Nf6 11. Bxc4 Qd6 12. Qb3 Ne4 13. Ng5 Nxg5 14. Bxg5
e5 15. O-O Rb8 16. a4 Be6 17. d5 Bd7 18. e4 b6 19. Bc1 Rfd8 20. Rd1 Qf6 21. Be3
Bf8 22. Bb5 Bc8 23. Be2 Bd6 24. Rab1 Qh4 25. Qc2 Bd7 26. Bb5 Bc8 27. Be2 Qe7
28. Qc1 Bd7 29. Bb5 Bg4 30. Re1 Bc8 31. Bg5 f6 32. Be3 g5 33. Be2 Kh8 34. h3
Rg8 35. Bg4 Bd7 36. Qd1 Be8 37. Bh5 Bg6 38. Bxg6 hxg6 39. c4 Kg7 40. Qc2 a6 41.
Rec1 Ba3 42. Rd1 Bc5 43. Qd2 Rgd8 44. Rb3 Bd6 45. Rdb1 a5 46. Qc2 Bb4 47. Bd2
c5 48. Bc1 Rh8 49. Rg3 Rh4 50. Rg4 Rh5 51. Rg3 Qd7 52. Kf1 Rbh8 53. Ke2 Rh4 54.
Rf3 g4 55. hxg4 Qxg4 56. Ke3 Qxg2 57. Ke2 Qg4 0-1

[Event "31st Bulgarian Open Chmpionshi"]
[Site "Plovdiv, Bulgaria"]
[Date "2009.02.07"]
[Round "9.18"]
[White "Bonev, Todor"]
[Black "Nikolov, Sasho"]
[Result "1/2-1/2"]
[WhiteElo "2246"]
[BlackElo "2398"]
[PlyCount "84"]
[EventDate "2009.02.01"]

1. e4 c5 2. Nf3 e6 3. d4 cxd4 4. Nxd4 a6 5. Nc3 b5 6. Bd3 Ne7 7. O-O Nec6 8.
Nb3 Be7 9. f4 d6 10. Qf3 O-O 11. Bd2 Nd7 12. Rae1 Bb7 13. Qh3 Nb4 14. Nd5 exd5
15. Bxb4 dxe4 16. Bxe4 Bxe4 17. Rxe4 Bf6 18. Kh1 Nb6 19. Bc3 Na4 20. Bxf6 Qxf6
21. Na5 Nxb2 22. Nc6 Rae8 23. Rxe8 Rxe8 24. Qd7 Kf8 25. Nb4 Nc4 26. Nxa6 Nd2
27. Nc7 Rd8 28. Re1 g6 29. Qxb5 Qxf4 30. Qe2 Rc8 31. Qe7+ Kg8 32. Nd5 Qf2 33.
Nf6+ Kg7 34. Ne8+ Kg8 35. Nxd6 Rxc2 36. Qe8+ Kg7 37. Qe5+ Kh6 38. Qe7 Kg7 39.
Ne8+ Kh6 40. Nf6 Kg7 41. Ne8+ Kh6 42. Nf6 Kg7 1/2-1/2

[Event "31st Bulgarian Open Chmpionshi"]
[Site "Plovdiv, Bulgaria"]
[Date "2009.02.07"]
[Round "9.19"]
[White "Filev, Georgi"]
[Black "Andonovski, Ljubisa"]
[Result "1-0"]
[WhiteElo "2378"]
[BlackElo "2270"]
[PlyCount "78"]
[EventDate "2009.02.01"]

1. e4 c5 2. Nf3 e6 3. d4 cxd4 4. Nxd4 Nc6 5. Nc3 Qc7 6. Be2 Nf6 7. O-O a6 8.
Be3 Bb4 9. Na4 Be7 10. Nxc6 bxc6 11. Nb6 Rb8 12. Nxc8 Qxc8 13. e5 Nd5 14. Bc1
Bc5 15. c4 Ne7 16. b3 Qc7 17. Bb2 O-O 18. Bd3 Ng6 19. Kh1 d6 20. exd6 Bxd6 21.
Qh5 f5 22. c5 Be5 23. Bxe5 Nxe5 24. Bxa6 Rf6 25. Qe2 Rb4 26. Qd2 Rh4 27. Qd6
Rfh6 28. h3 Qxd6 29. cxd6 Nf7 30. Rfd1 g5 31. Rac1 Nd8 32. Rc4 g4 33. Rb4 gxh3
34. Rb8 hxg2+ 35. Kxg2 Rg4+ 36. Kf3 Rh3+ 37. Ke2 Re4+ 38. Kd2 Kf7 39. Rxd8 Rf3
1-0

[Event "31st Bulgarian Open Chmpionshi"]
[Site "Plovdiv, Bulgaria"]
[Date "2009.02.07"]
[Round "9.20"]
[White "Milchev, Nikolay"]
[Black "Janachkov, Angel"]
[Result "1/2-1/2"]
[WhiteElo "2377"]
[BlackElo "2243"]
[PlyCount "168"]
[EventDate "2009.02.01"]

1. Nf3 Nf6 2. c4 g6 3. Nc3 Bg7 4. e4 d6 5. d4 O-O 6. h3 e5 7. dxe5 dxe5 8. Be3
c6 9. c5 Nbd7 10. Be2 Qe7 11. b4 Nh5 12. g3 Rd8 13. Qd6 Qxd6 14. cxd6 Nf8 15.
O-O-O Ne6 16. Kb2 b6 17. Bc4 h6 18. Rd2 Nd4 19. Nxe5 Bxe5 20. Bxd4 Rxd6 21. Be3
Rxd2+ 22. Bxd2 Kg7 23. Kc2 a5 24. b5 cxb5 25. Nxb5 Bb7 26. Re1 Nf6 27. Bd3 Rc8+
28. Kb1 Nd7 29. f4 Nc5 30. Bc2 Ba6 31. a4 Bxb5 32. axb5 Bd4 33. Re2 f6 34. Bc1
Re8 35. Ba3 Bc3 36. h4 Rd8 37. Bxc5 bxc5 38. Bb3 a4 39. Kc2 Ba5 40. Bd5 f5 41.
Kd3 fxe4+ 42. Kc4 Bb4 43. Rxe4 a3 44. Re7+ Kf8 45. Ra7 Rd6 46. g4 Rf6 47. f5
gxf5 48. gxf5 Rd6 49. h5 Ke8 50. Be6 Kd8 51. Kb3 Rd3+ 52. Kc2 Rd2+ 53. Kc1 Rd6
54. Rb7 Bc3 55. Kb1 Rd2 56. Kc1 a2 57. Ra7 Rb2 58. Rxa2 Rxb5 59. Kc2 Bf6 60.
Kd3 Rb4 61. Bc4 Rb6 62. Ke4 Rd6 63. Ra8+ Ke7 64. Bd5 c4 65. Ra7+ Rd7 66. Ra6 c3
67. Re6+ Kf7 68. Rc6+ Ke7 69. Rc4 Kf8 70. Rc8+ Ke7 71. Bb3 Rd4+ 72. Ke3 Rd2 73.
Ba4 Rd6 74. Rc4 Kd8 75. Kf3 Ke7 76. Ke4 Kd8 77. Kf3 Rd4 78. Rxd4+ Bxd4 79. Ke4
Bf6 80. Kd5 Ke7 81. Bc2 Bg5 82. Ke5 Bf6+ 83. Kd5 Bg5 84. Ke5 Bf6+ 1/2-1/2

[Event "31st Bulgarian Open Chmpionshi"]
[Site "Plovdiv, Bulgaria"]
[Date "2009.02.07"]
[Round "9.21"]
[White "Dimitrov, Radoslav"]
[Black "Simjanovski, Saso"]
[Result "1-0"]
[WhiteElo "2376"]
[BlackElo "2217"]
[PlyCount "63"]
[EventDate "2009.02.01"]

1. c4 g6 2. Nc3 Bg7 3. g3 Nf6 4. Bg2 O-O 5. e3 e5 6. Nge2 d6 7. O-O Nc6 8. h3
Be6 9. Nd5 Qd7 10. Kh2 Ne8 11. d3 Nd8 12. e4 f5 13. exf5 gxf5 14. f4 c6 15. Ne3
Kh8 16. d4 e4 17. d5 Bf7 18. g4 cxd5 19. cxd5 fxg4 20. hxg4 Nf6 21. Ng3 Qb5 22.
Nxe4 Nxe4 23. Bxe4 Bg6 24. Bxg6 hxg6 25. Qc2 Nf7 26. Kg3 Ne5 27. Rh1+ Kg8 28.
fxe5 Bxe5+ 29. Kg2 Qe8 30. Bd2 Qf7 31. Raf1 Qg7 32. Nc4 1-0

[Event "31st Bulgarian Open Chmpionshi"]
[Site "Plovdiv, Bulgaria"]
[Date "2009.02.07"]
[Round "9.22"]
[White "Ketzetzis, Georgios"]
[Black "Kukov, Velislav"]
[Result "1-0"]
[WhiteElo "2243"]
[BlackElo "2373"]
[PlyCount "47"]
[EventDate "2009.02.01"]

1. e4 c6 2. d4 d5 3. f3 e6 4. Nc3 Bb4 5. a3 Bxc3+ 6. bxc3 dxe4 7. Qe2 exf3 8.
Nxf3 b6 9. Qe3 Nf6 10. Bd3 Qc7 11. Qg5 Qe7 12. O-O Nbd7 13. Ne5 Bb7 14. Nxd7
Nxd7 15. Qxg7 Rf8 16. Bxh7 c5 17. Bf4 Qf6 18. Bh6 Qh4 19. Rf4 Qh5 20. Bg5 Qe2
21. Rf2 Qg4 22. h3 Qg3 23. Re1 e5 24. Re3 1-0

[Event "31st Bulgarian Open Chmpionshi"]
[Site "Plovdiv, Bulgaria"]
[Date "2009.02.07"]
[Round "9.23"]
[White "Janev, Tihomir"]
[Black "Videnova, Iva"]
[Result "1-0"]
[WhiteElo "2297"]
[BlackElo "2193"]
[PlyCount "67"]
[EventDate "2009.02.01"]

1. Nf3 Nf6 2. c4 e6 3. Nc3 b6 4. e4 Bb7 5. e5 Ne4 6. Qc2 Nxc3 7. Qxc3 c5 8. Be2
Nc6 9. O-O Be7 10. Rd1 Qc7 11. d3 O-O 12. Bf4 d6 13. exd6 Bxd6 14. Bxd6 Qxd6
15. d4 Rfd8 16. dxc5 Qxc5 17. a3 a5 18. Rab1 e5 19. b4 axb4 20. axb4 Qe7 21.
Qe3 Rxd1+ 22. Bxd1 e4 23. Nd2 Rd8 24. Nxe4 Qxb4 25. Bb3 Na5 26. Qg5 Rd4 27.
Nf6+ Kh8 28. Qh5 gxf6 29. Bc2 Qxb1+ 30. Bxb1 Be4 31. Bxe4 Rxe4 32. f3 Re7 33.
c5 Nc4 34. Qh4 1-0

[Event "31st Bulgarian Open Chmpionshi"]
[Site "Plovdiv, Bulgaria"]
[Date "2009.02.07"]
[Round "9.24"]
[White "Vladimirov, Vladimir"]
[Black "Galunov, Todor"]
[Result "0-1"]
[WhiteElo "2227"]
[BlackElo "2297"]
[PlyCount "94"]
[EventDate "2009.02.01"]

1. e4 e6 2. d4 d5 3. Nc3 Nf6 4. Bg5 Bb4 5. e5 h6 6. Bd2 Nfd7 7. Qg4 Bf8 8. Nf3
a6 9. O-O-O c5 10. dxc5 Nc6 11. Na4 g6 12. Bc3 Nxc5 13. Nxc5 Bxc5 14. Bd3 Qe7
15. Qg3 Bd7 16. h4 O-O-O 17. h5 gxh5 18. Rdf1 Rdg8 19. Qh2 Rg4 20. g3 h4 21.
gxh4 Ra4 22. Kb1 Bb4 23. Bxb4 Nxb4 24. a3 Nxd3 25. cxd3 Bb5 26. Rc1+ Kb8 27.
Rhd1 Rg8 28. Rd2 Rgg4 29. Rc3 d4 30. Rc1 Bc6 31. Qh3 Rf4 32. Rxc6 bxc6 33. Qg3
Rf5 34. Rc2 Qc7 35. Qg4 c5 36. Qg8+ Kb7 37. Qe8 Qc6 38. Qe7+ Qc7 39. Qe8 Qc6
40. Qe7+ Qc7 41. Qxc7+ Kxc7 42. b3 Rxa3 43. Kb2 Rxb3+ 44. Kxb3 Rxf3 45. Rd2 Kc6
46. Kc2 Kd5 47. Re2 Rf5 0-1

[Event "31st Bulgarian Open Chmpionshi"]
[Site "Plovdiv, Bulgaria"]
[Date "2009.02.07"]
[Round "9.25"]
[White "Vlashki, Nino"]
[Black "Klasan, Vladimir"]
[Result "1/2-1/2"]
[WhiteElo "2200"]
[BlackElo "2290"]
[PlyCount "40"]
[EventDate "2009.02.01"]

1. e4 c5 2. Nf3 d6 3. Bb5+ Bd7 4. Bxd7+ Qxd7 5. c4 Nc6 6. d4 cxd4 7. Nxd4 Nf6
8. Nc3 g6 9. Nde2 Bg7 10. f3 O-O 11. O-O Rfc8 12. Be3 Qd8 13. b3 Qa5 14. Qd2 a6
15. a4 Nd7 16. Rab1 Rab8 17. Rfd1 Qd8 18. Rdc1 Nb4 19. Nd1 Nc6 20. Ndc3 Nb4
1/2-1/2

[Event "31st Bulgarian Open Chmpionshi"]
[Site "Plovdiv, Bulgaria"]
[Date "2009.02.07"]
[Round "9.26"]
[White "Stoyanov, Stoyan H"]
[Black "Jevtic, Sasa"]
[Result "0-1"]
[WhiteElo "2137"]
[BlackElo "2275"]
[PlyCount "50"]
[EventDate "2009.02.01"]

1. d4 d5 2. c4 e6 3. Nf3 Nf6 4. Nc3 Nbd7 5. Bg5 Be7 6. e3 a6 7. a3 dxc4 8. Bxc4
b5 9. Ba2 O-O 10. O-O Bb7 11. Bxf6 Nxf6 12. Qe2 c5 13. Rfd1 c4 14. Rac1 Qb6 15.
Bb1 Rac8 16. Ne5 Rfd8 17. f4 Qa7 18. g4 Ba8 19. f5 Qb7 20. fxe6 Qh1+ 21. Kf2
Ne4+ 22. Nxe4 Bh4+ 23. Ng3 Qxh2+ 24. Ke1 Bxg3+ 25. Kd2 Bxe5 0-1

[Event "31st Bulgarian Open Chmpionshi"]
[Site "Plovdiv, Bulgaria"]
[Date "2009.02.07"]
[Round "9.28"]
[White "Vasilev, Milen"]
[Black "Ostojic, Nikola M"]
[Result "1-0"]
[WhiteElo "2502"]
[BlackElo "2086"]
[PlyCount "93"]
[EventDate "2009.02.01"]

1. d4 Nf6 2. Nf3 e6 3. Bg5 d5 4. e3 Nbd7 5. Nbd2 Be7 6. Bd3 c5 7. c3 cxd4 8.
exd4 Qc7 9. Qe2 a6 10. O-O b5 11. a4 b4 12. Rfc1 Qa7 13. Ne5 Bb7 14. Nxd7 Nxd7
15. Bxe7 Kxe7 16. Nf3 bxc3 17. Rxc3 Rac8 18. Rxc8 Rxc8 19. a5 h6 20. g3 Nb8 21.
b4 Bc6 22. b5 axb5 23. Bxb5 Rc7 24. Bd3 Be8 25. Qb2 f6 26. Qb4+ Kf7 27. a6 Nc6
28. Qd6 Re7 29. Rb1 g5 30. h3 h5 31. Rd1 Qc7 32. Qa3 Qa7 33. Be2 g4 34. hxg4
hxg4 35. Nh4 Nxd4 36. Bxg4 Nc6 37. Bh5+ Kg7 38. Bxe8 Rxe8 39. Qa4 Qb6 40. Rc1
Rc8 41. Qg4+ Kf7 42. Qg6+ Ke7 43. Qg7+ Kd6 44. Qxf6 Ne7 45. Ra1 Ra8 46. Qf4+
Kd7 47. Nf3 1-0

[Event "31st Bulgarian Open Chmpionshi"]
[Site "Plovdiv, Bulgaria"]
[Date "2009.02.07"]
[Round "9.29"]
[White "Dimitrov, Marin"]
[Black "Georgiev, Krum"]
[Result "0-1"]
[WhiteElo "2075"]
[BlackElo "2465"]
[PlyCount "80"]
[EventDate "2009.02.01"]

1. d4 Nf6 2. c4 g6 3. Nc3 Bg7 4. e4 d6 5. Be2 O-O 6. Bg5 Nbd7 7. Qd2 e5 8. dxe5
dxe5 9. Rd1 c6 10. Bg4 Qa5 11. Bxd7 Nxd7 12. Nge2 Re8 13. O-O Nc5 14. Qc2 Ne6
15. Be3 Bf8 16. Rd2 Bc5 17. Bxc5 Nxc5 18. a3 Qa6 19. b4 Nd7 20. Qb3 Nb6 21. b5
Qa5 22. c5 Be6 23. Qb4 Nc4 24. Ra2 Red8 25. Rfa1 Rac8 26. Rb2 cxb5 27. Qxa5
Nxa5 28. Rxb5 Nb3 29. Rb1 Nxc5 30. f3 Rd3 31. R1b4 a6 32. Rb6 Kg7 33. h4 Rd2
34. Rb2 Rcd8 35. Kf1 Bc4 36. Rxd2 Rxd2 37. Ke1 Rd7 38. Nc1 Kh6 39. N1e2 Nd3+
40. Kd2 Nf4+ 0-1

[Event "31st Bulgarian Open Chmpionshi"]
[Site "Plovdiv, Bulgaria"]
[Date "2009.02.07"]
[Round "9.30"]
[White "Dinic, Dragan"]
[Black "Andreev, Sasho"]
[Result "1-0"]
[WhiteElo "2315"]
[BlackElo "2063"]
[PlyCount "57"]
[EventDate "2009.02.01"]

1. e4 c5 2. Nf3 Nc6 3. Bb5 Nf6 4. Qe2 a6 5. Bxc6 dxc6 6. h3 g6 7. O-O Bg7 8.
Nc3 Nd7 9. d3 e5 10. Bg5 Qc7 11. Qe3 h6 12. Bh4 Qd6 13. Nd2 b5 14. a4 Rb8 15.
axb5 cxb5 16. Nd5 g5 17. Bg3 f5 18. Qe2 f4 19. Bh2 h5 20. c3 Nf8 21. g4 hxg4
22. hxg4 Rh4 23. f3 Bb7 24. Kg2 Bxd5 25. exd5 Qxd5 26. Ne4 Qe6 27. Nxc5 Qh6 28.
Rh1 Rb6 29. Qe4 1-0

[Event "31st Bulgarian Open Chmpionshi"]
[Site "Plovdiv, Bulgaria"]
[Date "2009.02.07"]
[Round "9.32"]
[White "Elez, Nikola"]
[Black "Skoko, Milan"]
[Result "1/2-1/2"]
[WhiteElo "2078"]
[BlackElo "2248"]
[PlyCount "126"]
[EventDate "2009.02.01"]

1. e4 e5 2. Nf3 Nf6 3. Bc4 Nc6 4. d3 Bc5 5. Nc3 d6 6. Bg5 h6 7. Bxf6 Qxf6 8.
Nd5 Qd8 9. c3 O-O 10. d4 Bb6 11. dxe5 dxe5 12. Qe2 Bg4 13. Rd1 Qe8 14. h3 Be6
15. Bb3 Rd8 16. O-O f6 17. Nd2 Qf7 18. Nc4 Na5 19. Nxa5 Bxa5 20. Qb5 Bb6 21.
Nxb6 Bxb3 22. axb3 axb6 23. Rfe1 Qe6 24. Kf1 Kf7 25. Qc4 c6 26. Ke2 b5 27.
Qxe6+ Kxe6 28. Rxd8 Rxd8 29. Ra1 h5 30. Ra7 Rb8 31. Ke3 g5 32. b4 Kd6 33. Ra1
Kc7 34. g3 Rg8 35. f3 h4 36. g4 Rd8 37. Ke2 Rf8 38. Ke3 Rd8 39. Ke2 Rb8 40. Kd3
Kb6 41. Kc2 Rc8 42. Rd1 Kc7 43. Kb3 Ra8 44. Kc2 b6 45. Kb3 Ra6 46. Kc2 Ra7 47.
Kb3 Ra8 48. Kc2 c5 49. bxc5 bxc5 50. Kb3 Kc6 51. Kc2 c4 52. Kb1 Rb8 53. Kc2 b4
54. Rd5 bxc3 55. bxc3 Ra8 56. Kb2 Rb8+ 57. Kc2 Rb6 58. Rd8 Kc7 59. Rd1 Ra6 60.
Kb2 Rb6+ 61. Kc2 Rc6 62. Kb2 Rb6+ 63. Kc2 Ra6 1/2-1/2

[Event "31st Bulgarian Open Chmpionshi"]
[Site "Plovdiv, Bulgaria"]
[Date "2009.02.07"]
[Round "9.33"]
[White "Basaric, Srdjan"]
[Black "Xia, Jie"]
[Result "0-1"]
[WhiteElo "2070"]
[BlackElo "2239"]
[PlyCount "93"]
[EventDate "2009.02.01"]

1. e4 c5 2. Nc3 Nc6 3. g3 g6 4. Bg2 Bg7 5. d3 d6 6. Be3 Nf6 7. h3 O-O 8. Qd2
Ne8 9. Bh6 Nd4 10. Bxg7 Kxg7 11. Nce2 e5 12. c3 Nxe2 13. Nxe2 b5 14. O-O Rb8
15. d4 Qe7 16. f4 b4 17. Rf2 Ba6 18. Kh2 Rb6 19. g4 Bxe2 20. Rxe2 exf4 21. Qxf4
Qf6 22. Qe3 bxc3 23. bxc3 cxd4 24. cxd4 Nc7 25. Rf2 Qe7 26. Raf1 a5 27. g5 Rb4
28. Rd2 Ne6 29. h4 Nxd4 30. Rfd1 Qe5+ 31. Kh1 Nf5 32. Qf2 Ng3+ 33. Kg1 Nxe4 34.
Bxe4 Rxe4 35. Qf6+ Qxf6 36. gxf6+ Kxf6 37. Rxd6+ Kg7 38. h5 Rfe8 39. hxg6 hxg6
40. R6d5 a4 41. R5d4 f5 42. R1d2 Kf6 43. Kf2 Rxd4 44. Rxd4 Re4 45. Rd8 Rc4 46.
Rd2 a3 47. Ke3 0-1

[Event "31st Bulgarian Open Chmpionshi"]
[Site "Plovdiv, Bulgaria"]
[Date "2009.02.07"]
[Round "9.34"]
[White "Manelidou, Maria"]
[Black "Angelov, Kosta"]
[Result "0-1"]
[WhiteElo "2035"]
[BlackElo "2229"]
[PlyCount "82"]
[EventDate "2009.02.01"]

1. e4 d5 2. exd5 Qxd5 3. Nc3 Qa5 4. Bc4 Nf6 5. Nge2 Bf5 6. O-O e6 7. d3 c6 8.
Ng3 Bg6 9. Kh1 Nbd7 10. Bd2 Qc7 11. f4 Bd6 12. Nce4 O-O-O 13. Nxd6+ Qxd6 14. f5
exf5 15. Nxf5 Qf8 16. Bc3 Rg8 17. Qf3 Ne8 18. Qe3 Bxf5 19. Rxf5 Nd6 20. Ra5
Nxc4 21. dxc4 a6 22. b4 Qd6 23. b5 Rge8 24. Qf3 Nb8 25. Rb1 Qe6 26. bxa6 Nxa6
27. Re5 Qxc4 28. Qf5+ Kb8 29. Rxe8 Rxe8 30. Be5+ Nc7 31. Bxc7+ Kxc7 32. Qa5+
Kb8 33. Qb6 Qb5 34. Qg1 Qa5 35. h3 f5 36. Qd1 Qd5 37. Qh5 Re3 38. Qxh7 Rg3 39.
Rg1 f4 40. Qh8+ Ka7 41. Qf8 Rxh3# 0-1

[Event "31st Bulgarian Open Chmpionshi"]
[Site "Plovdiv, Bulgaria"]
[Date "2009.02.07"]
[Round "9.35"]
[White "Janchev, Petar"]
[Black "Ivanov, Borislav"]
[Result "0-1"]
[WhiteElo "2208"]
[BlackElo "1973"]
[PlyCount "86"]
[EventDate "2009.02.01"]

1. e4 c5 2. Nf3 e6 3. b3 Nf6 4. e5 Nd5 5. Bb2 Nc6 6. g3 Be7 7. Bg2 b5 8. O-O
Bb7 9. d3 O-O 10. Nbd2 f6 11. Re1 Rc8 12. a4 a6 13. exf6 Bxf6 14. Bxf6 gxf6 15.
Ne4 Qe7 16. Qd2 f5 17. Neg5 h6 18. Nh3 Qg7 19. Nh4 Nd4 20. axb5 axb5 21. Ra7
Bc6 22. Qd1 b4 23. Nf3 Nxf3+ 24. Qxf3 Ra8 25. Rxa8 Rxa8 26. Qh5 Ra2 27. Qe2 Qb2
28. Qh5 Qf6 29. Rc1 Kg7 30. Nf4 Nxf4 31. gxf4 Bxg2 32. Kxg2 Qg6+ 33. Qxg6+ Kxg6
34. Kf3 Rb2 35. Ke3 d5 36. Kd2 Ra2 37. d4 c4 38. bxc4 dxc4 39. Ke3 Ra3+ 40. Ke2
Rc3 41. Kd2 Rf3 42. Ke2 Rxf4 43. Ke3 Re4+ 0-1

[Event "31st Bulgarian Open Chmpionshi"]
[Site "Plovdiv, Bulgaria"]
[Date "2009.02.07"]
[Round "9.36"]
[White "Yordanova, Svetla"]
[Black "Dilkov, Valentin"]
[Result "1-0"]
[WhiteElo "2202"]
[BlackElo "1953"]
[PlyCount "97"]
[EventDate "2009.02.01"]

1. e4 e6 2. d4 d5 3. Nd2 Nc6 4. Ngf3 b6 5. Bb5 Bd7 6. c3 Nb8 7. Bd3 c5 8. O-O
Ne7 9. Re1 Bc6 10. Qe2 Ng6 11. g3 Be7 12. h4 Nd7 13. h5 Ngf8 14. e5 h6 15. Nf1
Nh7 16. Bf4 Ng5 17. N1h2 Qc7 18. Kg2 O-O-O 19. a4 c4 20. Bc2 Kb8 21. Reb1 Ka8
22. Nd2 Qb7 23. Kf1 Rhe8 24. Ng4 Nh3 25. Be3 f5 26. exf6 Bxf6 27. f4 e5 28.
dxe5 Bxe5 29. Qh2 Nxf4 30. gxf4 Rf8 31. Kg1 Bd6 32. Rf1 Nf6 33. Nxf6 Rxf6 34.
Bd4 Bc5 35. Nf3 Be8 36. Kh1 Bxd4 37. Nxd4 Bf7 38. Rae1 Qd7 39. Rg1 Re8 40. f5
Bg8 41. Nb5 Rxe1 42. Rxe1 Bf7 43. Nd4 Kb7 44. Re3 g5 45. hxg6 Bxg6 46. Qe2 Qc8
47. fxg6 Ka6 48. b4 Rf4 49. b5+ 1-0

[Event "31st Bulgarian Open Chmpionshi"]
[Site "Plovdiv, Bulgaria"]
[Date "2009.02.07"]
[Round "9.37"]
[White "Panajotov, Janko"]
[Black "Krastev, Vasil"]
[Result "0-1"]
[WhiteElo "2199"]
[BlackElo "1938"]
[PlyCount "72"]
[EventDate "2009.02.01"]

1. e4 c6 2. d4 d5 3. exd5 cxd5 4. Bd3 Nc6 5. c3 g6 6. Nd2 Bg7 7. Ne2 Nh6 8. Ng3
f6 9. h4 e5 10. dxe5 fxe5 11. c4 e4 12. Bb1 Nf5 13. cxd5 e3 14. Bxf5 exf2+ 15.
Kf1 Qxd5 16. Qe2+ Be5 17. Be4 Qe6 18. Bxc6+ bxc6 19. Nge4 O-O 20. Nc5 Qd6 21.
Nde4 Qe7 22. Qc4+ Kh8 23. Bg5 Qc7 24. Bd2 Bd7 25. Bc3 Rae8 26. Bxe5+ Rxe5 27.
Qd4 Bc8 28. Rd1 Qe7 29. g3 Kg8 30. Qc4+ Rf7 31. Qd3 Rd5 32. Qc2 Bf5 33. Rc1
Rxc5 34. Qxc5 Qxe4 35. Rh2 Qd3+ 36. Kxf2 Bh3+ 0-1

[Event "31st Bulgarian Open Chmpionshi"]
[Site "Plovdiv, Bulgaria"]
[Date "2009.02.07"]
[Round "9.40"]
[White "Kozarev, Petar"]
[Black "Dorfanis, Ilarion"]
[Result "0-1"]
[WhiteElo "2024"]
[BlackElo "2173"]
[PlyCount "86"]
[EventDate "2009.02.01"]

1. d4 Nf6 2. c4 e6 3. Nc3 Bb4 4. Qc2 c5 5. dxc5 O-O 6. Bg5 Bxc5 7. Nf3 Nc6 8.
e3 Be7 9. Be2 Nh5 10. Bxe7 Qxe7 11. O-O f5 12. Rfd1 g5 13. Nb5 g4 14. Ne1 Ne5
15. g3 Nf7 16. c5 Nf6 17. b4 Ng5 18. Nd6 Nh3+ 19. Kg2 h5 20. Bc4 Kh8 21. Nd3
Ng5 22. Ne5 Qg7 23. Qb2 h4 24. Nxc8 Raxc8 25. Nxd7 h3+ 26. Kf1 b6 27. Nxf8 Rxf8
28. c6 Kh7 29. Qe5 Nf3 30. Qxe6 Nxh2+ 31. Ke2 Nf3 32. Qxf5+ Kh8 33. Rd6 Nh7 34.
Qb1 Qc3 35. Qc1 Qe5 36. Qd1 h2 37. Rh6 Kg7 38. Rxh2 Qb2+ 39. Kf1 Nxh2+ 40. Kg1
Qxf2+ 41. Kh1 Nf3 42. Qd7+ Kh8 43. Qxg4 Qh2# 0-1